| 000 | 01134nam2a22002651 4500 | ||
|---|---|---|---|
| 001 | rc\4155783 | ||
| 005 | 20250611112526.0 | ||
| 021 |
_aRU _b[52-38508] |
||
| 035 | _a(NLR Aleph) 008173091 | ||
| 090 |
_a7867147 _c7867147 |
||
| 100 | _a20130415d1952 |||y0rusy50 ca | ||
| 101 | 1 |
_arus _ceng |
|
| 102 | _aRU | ||
| 105 | _aa z ||||| | ||
| 200 | 0 |
_aСб. 3 _fПер. с англ. проф. А.Ф. Платэ |
|
| 210 |
_cИзд-во иностр. лит. _d1952 _aБ. м. |
||
| 215 |
_a582 с. _cил. _d23 |
||
| 320 | _aБиблиогр. в тексте | ||
| 461 | 0 |
_1001rc\4155780 _12001#$aСинтезы органических препаратов$fПер. с англ. д-ра хим. наук А.Ф. Платэ$gПод ред. акад. Б.А. Казанского$vСб. 3 _97867130 _cМосква _d1949 _fПер. с англ. д-ра хим. наук А.Ф. Платэ _nГос. изд-во иностр. лит. _tСинтезы органических препаратов _vСб. 3 |
|
| 801 | 0 |
_aRU _bNLR _gpsbo |
|
| 801 | 1 |
_aRU _bELAR _2rusmarc |
|
| 852 |
_aNLR _jТ44 Г-5/204(3) |
||
| 942 | _cBOOK | ||
| 980 | _aNB | ||